Statistics for Manchester United Squad 2017-2018

Click here to take the quiz!

General Stats

  • This quiz has been taken 25 times
  • The average score is 24 of 30

Answer Stats

#PositionNationPlayer% Correct
1GKSpainDavid de Gea
100%
7FWChileAlexis Sánchez
96%
11FWFranceAnthony Martial
96%
2DFSwedenVictor Lindelöf
96%
25DFEcuadorAntonio Valencia
91%
3DFIvory CoastEric Bailly
91%
-CoachPortugalJosé Mourinho
91%
8MFSpainJuan Mata
91%
27MFBelgiumMarouane Fellaini
91%
31MFSerbiaNemanja Matić
91%
6MFFrancePaul Pogba
91%
9FWBelgiumRomelu Lukaku
91%
10FWSwedenZlatan Ibrahimović
91%
21MFSpainAnder Herrera
87%
19FWEnglandMarcus Rashford
87%
4DFEnglandPhil Jones
87%
12DFEnglandChris Smalling
83%
22MFArmeniaHenrikh Mkhitaryan
83%
23DFEnglandLuke Shaw
83%
5DFArgentinaMarcos Rojo
83%
36DFItalyMatteo Darmian
83%
20GKArgentinaSergio Romero
83%
14FWEnglandJesse Lingard
78%
39MFScotlandScott McTominay
78%
17DFNetherlandsDaley Blind
74%
16MFEnglandMichael Carrick
74%
18MFEnglandAshley Young
61%
38DFEnglandAxel Tuanzebe
39%
40GKPortugalJoel Pereira
30%
29FWEnglandJames Wilson
26%

Score Distribution

Percentile by Number Answered

Percent of People with Each Score

Your Score History

You have not taken this quiz